00785cam a22002411 4500001001300000003000400013005001700017008004100034010001700075035001900092040001900111042001200130050002300142100004900165245008200214260007100296300001000367410004600377504003600423650002300459650001900482700004200501gs 39000114 DLC20260227111344.0790615s1938 nbu b s000 0 eng  ags 39000114  a(OCoLC)5069566 aDLCcTxCMdDLC apremarc00aQE135b.A43 no. 121 aCondra, Geo. E.q(George Evert),d1869-1958.14aThe Redfield anticline of Nebraska and Iowa,cby G. E. Condra and E. C. Reed. a[Lincoln]bPublished by authority of the state of Nebraska,c1938. a19 p.20aNebraska Geological SurveytPapervno. 12 a"List of references": p. 18-19. 0aGeologyzNebraska. 0aGeologyzIowa.1 aReed, E. C.q(Eugene Clifton),d1901-